000 00479nam a2200157 i 4500
001 89931
003 ES-MaACL
005 20230906180314.0
007 t|
008 050117s1925 sp ||||1| spa d
100 1 _aLayna Serrano, Francisco.
_970767
245 1 3 _aLa aspiración de las aletas nasales
_b: causas y tratamientos /
_cFrancisco Layna Serrano.
260 _a[Madrid :
_bMartín Treceño],
_c1925.
300 _a10 p. ;
_c24 cm.
852 _aES-MaACL
_j1686-F-9
_bR.5047
999 _c89931
_d89931